Tribhuvan University Central Library

Nepali bhasha tatha sahityama Bardiya jillaka sanchar madhyamko yogdan. (Record no. 65479)

MARC details
000 -LEADER
fixed length control field 00544 a2200157 4500
008 - FIXED-LENGTH DATA ELEMENTS--GENERAL INFORMATION
fixed length control field 150929b xxu||||| |||| 00| 0 eng d
041 ## - LANGUAGE CODE
Language code of text/sound track or separate title Nepali
082 ## - DEWEY DECIMAL CLASSIFICATION NUMBER
Classification number CD6927
100 ## - MAIN ENTRY--PERSONAL NAME
Personal name Ghimire, Laxman
-- 36472
245 ## - TITLE STATEMENT
Title Nepali bhasha tatha sahityama Bardiya jillaka sanchar madhyamko yogdan.
260 ## - PUBLICATION, DISTRIBUTION, ETC. (IMPRINT)
Place of publication, distribution, etc Kathmandu,
Date of publication, distribution, etc 2068
502 ## - DISSERTATION NOTE
Dissertation note Dissertatin
Degree type Degree in Nepali
Name of granting institution T.U.
650 ## - SUBJECT ADDED ENTRY--TOPICAL TERM
Topical term or geographic name as entry element Mass communication - Nepal
-- georaphic condition - Bardiya
-- Nepali literature
-- Literary criticism
-- Literary history
653 ## - INDEX TERM--UNCONTROLLED
Uncontrolled term Nepali
942 ## - ADDED ENTRY ELEMENTS (KOHA)
Source of classification or shelving scheme Dewey Decimal Classification
Koha item type Audio Visual Materials
Holdings
Withdrawn status Lost status Source of classification or shelving scheme Damaged status Not for loan Home library Current library Date acquired Total Checkouts Full call number Barcode Date last seen Price effective from Koha item type
    Dewey Decimal Classification     Tribhuvan University Central Library Tribhuvan University Central Library 07/12/2012   CD6927 A6575 07/12/2012 07/12/2012 Audio Visual Materials